Szczegóły MARC
| 000 -Nagłówek |
| fixed length control field |
02382cam a2200517 i 4500 |
| 001 - Nr kontrolny bibl., która utworzyła rek. |
| control field |
xx004955142 |
| 003 - Siglum bibl., której nr kontr. jest w 001 |
| control field |
NUKAT |
| 005 - Data i czas ostatniej operacji |
| control field |
20260428125236.0 |
| 008 - Elementy pola stałej długości |
| fixed length control field |
200925s2020 pl a g |000 0dpol c |
| 020 ## - ISBN |
| ISBN |
9788380983748 |
| dopowiedzenie |
(oprawa miękka) : |
| warunki dostępności |
zł 20,00 |
| 035 ## - Systemowy numer kontrolny |
| systemowy numer kontrolny |
(OCoLC)1199635669 |
| 035 ## - Systemowy numer kontrolny |
| systemowy numer kontrolny |
(NUKAT)xx004955142 |
| 040 ## - Instytucja sporządzająca opis |
| Instytucja, która sporządziła opis |
KAT U/JSt |
| język katalgowania-trzyzn. kod |
pol |
| zasady opisu |
rda |
| Instytucja, która sporządziła rekord |
KAT U/JSts |
| Instytucja, która zmodyfikowała rekord |
WR O/KS |
| -- |
SIEDL 001/WS |
| -- |
OLSZT 003/BK |
| -- |
OLSZT 008/bak |
| 045 2# - Okres czasu dla zawartości |
| czas między r. 9999 pne a nasz. czas. |
d1918 |
| -- |
d1921 |
| 046 ## - Kod rodz. daty, data1, data2 (daty pne) |
| Begin/single date |
1922 |
| 100 1# - Hasło główne-nazwa osobowa |
| Nazwa osobowa |
Walicka-Łada, Janina |
| Daty biograficzne |
(około 1885-1935). |
| rodzaj współpracy |
Autor |
| 9 (RLIN) |
40792 |
| 245 10 - Tytuł właściwy i oznaczenie odpow. |
| tytuł |
"Ułani! Ułani! Malowane dzieci..." : |
| dodatek do tytułu |
(przyczynek do dziejów armii ochotniczej) / |
| dod. inf. ze s. tyt./ozn. odpow. |
Janina Łada Walicka ; z przedmową Czesława Mączyńskiego. |
| 260 ## - Adres wydawniczy |
| miejsce wydania, dystrybucji itp. |
Warszawa : |
| nazwa wydawcy, dystrybutora itp. |
Instytut Pamięci Narodowej. Komisja Ścigania Zbrodni przeciwko Narodowi Polskiemu, |
| data wydania, dystrybucji itp. |
2020. |
| 300 ## - Opis fizyczny |
| objętość i/lub forma materiału |
70, [1] strona : |
| inne szczegóły opisu fizycznego |
ilustracje ; |
| format |
21 cm. |
| 336 ## - Content Type |
| Term |
Tekst |
| Code |
txt |
| Source |
rdacontent |
| 337 ## - Media Type |
| Term |
Bez urządzenia pośredniczącego |
| Code |
n |
| Source |
rdamedia |
| 338 ## - Carrier Type |
| Term |
Wolumin |
| Code |
nc |
| Source |
rdacarrier |
| 380 ## - Form of work |
| Form of work |
Książki |
| 380 ## - Form of work |
| Form of work |
Literatura faktu, eseje, publicystyka |
| 386 ## - Creator/Contributor Characteristics |
| Demographic group term |
Przynależność kulturowa |
| Creator/contributor term |
Literatura polska |
| 388 1# - TIME PERIOD OF CREATION |
| Time period of creation term |
1901-2000 |
| 388 1# - TIME PERIOD OF CREATION |
| Time period of creation term |
1918-1939 |
| 490 1# - Tytuł serii i ks. wielotom.-nie do wysz. |
| oznaczenie serii |
Biblioteka Akademii Niepodległości |
| 500 ## - Uwaga ogólna |
| uwaga ogólna |
Podstawą obecnego wydania jest edycja wspomnień Janiny Łady-Walickiej z przedmową Czesława Mączyńskiego opublikowana we Lwowie w 1922 r. przez Spółkę Nakładową "Odrodzenie". |
| 600 17 - Hasło przedmiotowe-nazwa osobowa |
| nazwa osobowa |
Łada Walicka, Janina |
| daty biograficzne |
(1885-1935) |
| źródło hasła |
DBN |
| 9 (RLIN) |
40793 |
| 610 27 - Hasło przedmiotowe-nazwa ciała zbior. |
| nazwa ciała zbior. lub geogr. |
Detachement rtm. Abrahama |
| źródło hasła |
DBN |
| 9 (RLIN) |
40794 |
| 610 17 - Hasło przedmiotowe-nazwa ciała zbior. |
| nazwa ciała zbior. lub geogr. |
Polska. |
| nazwa jednostki podrzędnej |
Wojsko Polskie (1918-1939). |
| -- |
Dywizjon "Huzarów Śmierci" |
| określnik formy |
wydawnictwa popularne. |
| źródło hasła |
kaba |
| 9 (RLIN) |
40795 |
| 648 #7 - SUBJECT ADDED ENTRY--CHRONOLOGICAL TERM |
| Chronological term |
1901-2000 |
| Source of heading or term |
DBN |
| 9 (RLIN) |
34996 |
| 648 #7 - SUBJECT ADDED ENTRY--CHRONOLOGICAL TERM |
| Chronological term |
1918-1939 |
| Source of heading or term |
DBN |
| 9 (RLIN) |
36041 |
| 650 #7 - Hasło przedmiotowe-nazwa pospolita |
| nazwa pospolita lub geogr. |
Kawaleria |
| źródło hasła |
DBN |
| 9 (RLIN) |
37580 |
| 650 #7 - Hasło przedmiotowe-nazwa pospolita |
| nazwa pospolita lub geogr. |
Wojna polsko-bolszewicka (1919-1920) |
| źródło hasła |
DBN |
| 9 (RLIN) |
35671 |
| 651 #7 - Hasło przedmiotowe-nazwa geogr. |
| nazwa geograficzna |
Polska |
| źródło hasła |
DBN |
| 9 (RLIN) |
35076 |
| 655 #7 - Termin określający rodzaj/formę |
| rodzaj/forma |
Pamiętniki i wspomnienia |
| źródło terminu |
DBN |
| 9 (RLIN) |
35005 |
| 658 ## - Nazwa określająca cel programu nauczania |
| główny cel programu nauczania |
Bezpieczeństwo i wojskowość |
| 658 ## - Nazwa określająca cel programu nauczania |
| główny cel programu nauczania |
Historia |
| 700 1# - Hasło dodatkowe - nazwa osobowa |
| nazwa osobowa |
Mączyński, Czesław |
| daty biograficzne |
(1881-1935). |
| rodzaj współpracy |
Przedmowa |
| 9 (RLIN) |
40796 |
| 710 2# - Hasło dodatkowe - nazwa ciała zbior. |
| nazwa ciała zbior. lub nazwa geogr. |
Instytut Pamięci Narodowej - Komisja Ścigania Zbrodni przeciwko Narodowi Polskiemu. |
| rodzaj współpracy |
Wydawca |
| kod rodzaju współpracy |
pbl |
| 9 (RLIN) |
11792 |
| 830 #0 - Hasło dod. serii i op. ks. wielotom. -tyt |
| tytuł |
Biblioteka Akademii Niepodległości |
| 9 (RLIN) |
16406 |
| 920 ## - ISBN |
| ISBN |
978-83-8098-374-8 (oprawa miękka) : zł 20,00 |
| 942 ## - ADDED ENTRY ELEMENTS (KOHA) |
| Source of classification or shelving scheme |
Dewey Decimal Classification |
| Koha item type |
pozycje dostępne na miejscu |